00828nam a2200241 i 450000100060000000300090000600500170001500700030003200800410003502000180007608000230009410000290011724500810014625000120022726000310023930000220027049000320029270000380032483000400036285200330040299900170043595201340045219012ES-MaACL20230906151957.0t|020513s2001 sp ||||1| spa d a84-8306-462-6 a821.111(73)-31"19"1 aMcCarthy, Cormac.97952510aHijo de Dios / cCormac McCarthy ; traducción de Pedro Ferrández Aranda. a1ª ed. aMadrid : bDebate, c2001. a159 p. ; c22 cm.1 aNarrativa (Editorial Debate1 aFerrández Aranda, Pedro.9502610 aNarrativa (Editorial Debate9123210 aES-MaACLjL-25495 bR.130680 c19012d19012 00104070aATENEOMbATENEOMcDEPO2d2008-01-17eSCl1oL-25495p1019451r2026-04-15 15:11:45s2026-03-20w2023-02-23yMONOGRAFIA